<?xml version="1.0" encoding="UTF-8"?>
<collection xmlns="http://www.loc.gov/MARC21/slim">
 <record>
  <leader>00993pamaa2200229   4500</leader>
  <controlfield tag="001">0000050689</controlfield>
  <controlfield tag="005">20130117090000.0</controlfield>
  <controlfield tag="008">120924s2012                             eng  </controlfield>
  <datafield tag="020" ind1="0" ind2="0">
   <subfield code="a">9780984339341 / 0984339345 (CD-ROM) </subfield>
  </datafield>
  <datafield tag="090" ind1="0" ind2="0">
   <subfield code="a">RM701.6 </subfield>
   <subfield code="b">OSU 2012</subfield>
  </datafield>
  <datafield tag="100" ind1="1" ind2="0">
   <subfield code="a">O'Sullivan </subfield>
  </datafield>
  <datafield tag="245" ind1="1" ind2="0">
   <subfield code="a">National physical therapy examination [</subfield>
   <subfield code="m">CD-ROM] : </subfield>
   <subfield code="b">review &amp; study guide  </subfield>
   <subfield code="c">Susan B. O'Sullivan and Raymon P. Siegelman.</subfield>
  </datafield>
  <datafield tag="250" ind1="0" ind2="0">
   <subfield code="a">15th ed.</subfield>
  </datafield>
  <datafield tag="260" ind1="0" ind2="0">
   <subfield code="a">Evanston, Illinois, </subfield>
   <subfield code="c">TheraphyED, </subfield>
   <subfield code="c">2012.</subfield>
  </datafield>
  <datafield tag="300" ind1=" " ind2=" ">
   <subfield code="a">1 CD-ROM; </subfield>
   <subfield code="c">4.5 inch.</subfield>
  </datafield>
  <datafield tag="500" ind1="0" ind2="0">
   <subfield code="a">To accompany textbook titled &quot;National physical therapy examination : review &amp; study guide / Susan B. O'Sullivan and Raymon P. Siegelman&quot;</subfield>
  </datafield>
  <datafield tag="501" ind1="0" ind2="0">
   <subfield code="a">FHLS</subfield>
  </datafield>
  <datafield tag="504" ind1="0" ind2="0">
   <subfield code="a">Includes bibliographical references and index</subfield>
  </datafield>
  <datafield tag="650" ind1="0" ind2="0">
   <subfield code="a">Physical Therapy Modalities </subfield>
  </datafield>
  <datafield tag="700" ind1="1" ind2="1">
   <subfield code="a">Siegelman, </subfield>
   <subfield code="h">Raymon P. </subfield>
  </datafield>
  <datafield tag="745" ind1="1" ind2="0">
   <subfield code="a">National physical therapy examination : review and study guide / Susan B. O'Sullivan and Raymon P. Siegelman</subfield>
  </datafield>
  <datafield tag="901" ind1=" " ind2=" ">
   <subfield code="u">www.TheraphyED.com</subfield>
  </datafield>
 </record>
</collection>
